[Event "SVK-chT2C 1920"]
[Site "Slovakia"]
[Date "2020.02.16"]
[Round "9.4"]
[White "Cibikova, Sofia Anna"]
[Black "Sustek, Vladimir"]
[Result "1-0"]
[WhiteElo "1940"]
[BlackElo "1966"]
[PlyCount "121"]
[EventDate "2019.10.26"]
[EventType "team-tourn"]
[EventRounds "11"]
[EventCountry "SVK"]
[SourceTitle "CBM 195 Extra"]
[Source "ChessBase"]
[SourceDate "2020.05.31"]
[SourceVersion "1"]
[SourceVersionDate "2020.05.31"]
[SourceQuality "1"]
[WhiteTeam "Detva"]
[BlackTeam "Zilina Mladost III"]
[WhiteTeamCountry "SVK"]
[BlackTeamCountry "SVK"]

1. e4 c5 2. Nc3 Nc6 3. g3 e5 4. Bg2 d6 5. Nge2 Nf6 6. d3 Be7 7. 0-0 0-0 8. h3 Bd7 9. Be3 Qc8 10. Kh2 Nd4 11. Qd2 b5 12. f4 b4 13. Nd5 Nxd5 14. exd5 Rb8 15. fxe5 dxe5 16. c3 Nf5 17. Bg1 h6 18. Rf3 a5 19. Raf1 Bg5 20. Qc2 Nd6 21. Be3 f5 22. h4 Bf6 23. c4 Be8 24. Nc1 a4 25. Qf2 e4 26. dxe4 Nxe4 27. Qc2 Bd7 28. Bh3 b3 29. axb3 axb3 30. Nxb3 Nd6 31. Bxc5 Rxb3 32. Qxb3 Qxc5 33. Rc1 Re8 34. Bf1 Ne4 35. Qa3 Qd4 36. Rc2 Qe5 37. Kh1 Be7 38. b4 f4 39. Rxf4 g5 40. Rf3 Bg4 41. Re3 Bxb4 42. Qa6 Bd6 43. Kg2 Qd4 44. Rd3 Qe5 45. Re3 gxh4 46. Bd3 Bf5 47. c5 h3+ 48. Kh2 Bf8 49. Bxe4 Bxe4 50. Rce2 Qf5 51. Qa4 Re5 52. Rxe4 Rxd5 53. Rg4+ Kh7 54. Rf4 Qd3 55. Qe8 Bg7 56. Rf7 Rxc5 57. Rxg7+ Kxg7 58. Re7+ Kf6 59. Rf7+ Kg5 60. Qe7+ Kg6 61. Rf6+ 1-0

[Event "Tatry op"]
[Site "Tatranske Zruby"]
[Date "2019.10.05"]
[Round "9"]
[White "Lukac, Roman"]
[Black "Cibikova, Sofia Anna"]
[Result "1/2-1/2"]
[WhiteElo "2076"]
[BlackElo "1952"]
[PlyCount "57"]
[EventDate "2019.09.28"]
[EventType "swiss"]
[EventRounds "9"]
[EventCountry "SVK"]
[SourceTitle "EXT 2020"]
[Source "ChessBase"]
[SourceDate "2019.10.17"]
[SourceVersion "1"]
[SourceVersionDate "2019.10.17"]
[SourceQuality "1"]

1. e4 c5 2. Nf3 e6 3. d4 cxd4 4. Nxd4 a6 5. Bd3 Qc7 6. 0-0 Nf6 7. Qe2 d6 8. Nc3 Nbd7 9. a4 Be7 10. Nb3 b6 11. f4 Bb7 12. Bd2 e5 13. g4 d5 14. Rae1 dxe4 15. Nxe4 Nxe4 16. Bxe4 Bh4 17. Rd1 Bxe4 18. Qxe4 0-0 19. g5 f6 20. fxe5 fxg5 21. Bc3 Nc5 22. Qc4+ Kh8 23. a5 Rad8 24. Rxd8 Qxd8 25. Nxc5 Rxf1+ 26. Qxf1 bxc5 27. Qf3 Kg8 28. Kg2 Qf8 29. Qd5+ 1/2-1/2

[Event "Tatry op"]
[Site "Tatranske Zruby"]
[Date "2019.09.28"]
[Round "1"]
[White "Endresz, Pavol"]
[Black "Cibikova, Sofia Anna"]
[Result "1-0"]
[WhiteElo "2172"]
[BlackElo "1952"]
[PlyCount "59"]
[EventDate "2019.09.28"]
[EventType "swiss"]
[EventRounds "9"]
[EventCountry "SVK"]
[SourceTitle "EXT 2020"]
[Source "ChessBase"]
[SourceDate "2019.10.17"]
[SourceVersion "1"]
[SourceVersionDate "2019.10.17"]
[SourceQuality "1"]

1. e4 c5 2. Ne2 Nc6 3. g3 g6 4. Bg2 Bg7 5. c3 Nf6 6. d4 cxd4 7. cxd4 d6 8. Nbc3 0-0 9. h3 Bd7 10. 0-0 a6 11. d5 Na5 12. b3 Rc8 13. Be3 b5 14. a3 e6 15. Rc1 exd5 16. exd5 Re8 17. Nd4 Nh5 18. g4 Nf6 19. Qd2 Kh8 20. Bf4 Bf8 21. Bg5 Bg7 22. Qf4 Qe7 23. Ne4 Nxd5 24. Qxd6 f6 25. Qxd5 fxg5 26. Nxg5 Rf8 27. Rce1 Qd8 28. Nf7+ Rxf7 29. Qxf7 Bxd4 30. Re7 1-0

[Event "Pardubice Czech op-B 30th"]
[Site "Pardubice"]
[Date "2019.07.19"]
[Round "1"]
[White "Cibikova, Sofia Anna"]
[Black "Hendriks, Victor"]
[Result "1/2-1/2"]
[WhiteElo "1881"]
[BlackElo "2182"]
[PlyCount "120"]
[EventDate "2019.07.19"]
[EventType "swiss"]
[EventRounds "9"]
[EventCountry "CZE"]
[SourceTitle "EXT 2020"]
[Source "ChessBase"]
[SourceDate "2019.10.17"]
[SourceVersion "1"]
[SourceVersionDate "2019.10.17"]
[SourceQuality "1"]

1. e4 c5 2. Nc3 Nc6 3. g3 g6 4. Bg2 Bg7 5. d3 Nf6 6. Nge2 d6 7. f4 Nd4 8. h3 e5 9. 0-0 h6 10. Be3 0-0 11. Qd2 Kh7 12. g4 Nxe2+ 13. Qxe2 exf4 14. Rxf4 Be6 15. Raf1 Nd7 16. Qd2 Ne5 17. b3 Qa5 18. Nd5 Qxd2 19. Bxd2 Bxd5 20. exd5 Kg8 21. Be4 Rae8 22. Kg2 Re7 23. Re1 Rfe8 24. Rf2 b5 25. Rfe2 b4 26. d4 cxd4 27. Bxb4 Rd8 28. Ba3 Rc7 29. Bb4 Rb7 30. Ba3 Bf6 31. Rd1 Nd7 32. Bb2 Rc8 33. Bxd4 Bxd4 34. Rxd4 Rc3 35. Rd3 Rbc7 36. Rxc3 Rxc3 37. Rd2 Nc5 38. Bd3 Nxd3 39. cxd3 Rc5 40. d4 Rxd5 41. Kf3 h5 42. b4 Rb5 43. a3 hxg4+ 44. hxg4 Kg7 45. d5 Kf6 46. Kf4 a5 47. Rd4 axb4 48. axb4 Rb7 49. g5+ Ke7 50. Rc4 Kd8 51. Re4 Rb5 52. Rd4 Kd7 53. Ke4 Rb8 54. Kd3 Rh8 55. Rf4 Ke7 56. Re4+ Kd8 57. Kc4 Rh5 58. Rf4 Ke7 59. Re4+ Kd7 60. Rf4 Ke7 1/2-1/2

[Event "SVK-chT U20 final"]
[Site "Banska Bystrica"]
[Date "2019.05.12"]
[Round "5.4"]
[White "Cibikova, Sofia Anna"]
[Black "Nadzamova, Viktoria"]
[Result "0-1"]
[WhiteElo "1925"]
[BlackElo "1796"]
[PlyCount "82"]
[EventDate "2019.05.10"]
[EventType "team-tourn"]
[EventRounds "5"]
[EventCountry "SVK"]
[SourceTitle "EXT 2020"]
[Source "ChessBase"]
[SourceDate "2019.10.17"]
[SourceVersion "1"]
[SourceVersionDate "2019.10.17"]
[SourceQuality "1"]
[WhiteTeam "Banska Bystrica Junior"]
[BlackTeam "Kosice Slavia UPJS"]
[WhiteTeamCountry "SVK"]
[BlackTeamCountry "SVK"]

1. e4 c5 2. Nc3 e6 3. g3 Nc6 4. Bg2 Nf6 5. Nge2 Be7 6. f4 d6 7. d3 a6 8. h3 Qc7 9. Be3 b5 10. 0-0 Bb7 11. a3 0-0 12. g4 Rad8 13. g5 Nd7 14. Kh1 Rfe8 15. Rg1 g6 16. Ng3 Bf8 17. h4 Bg7 18. Bf3 Nd4 19. Bg4 b4 20. Na4 Nf5 21. Bd2 Bd4 22. Rg2 Nxh4 23. Rh2 Nf5 24. Nf1 bxa3 25. Rxa3 c4 26. Bf3 Ne7 27. Bc3 Bxc3 28. Nxc3 e5 29. Qe1 f5 30. Qh4 Nf8 31. Ne3 cxd3 32. cxd3 d5 33. exd5 exf4 34. Nc4 Nxd5 35. Na5 Ba8 36. Nc4 Ne3 37. Bxa8 Rxa8 38. Nxe3 Rxe3 39. Rd2 Rg3 40. d4 Re8 41. Kh2 Rg4 0-1

[Event "SVK-chT U20 final"]
[Site "Banska Bystrica"]
[Date "2019.05.10"]
[Round "1.3"]
[White "Cibikova, Sofia Anna"]
[Black "Sarkozi, Szabolcs"]
[Result "0-1"]
[WhiteElo "1925"]
[BlackElo "1976"]
[PlyCount "96"]
[EventDate "2019.05.10"]
[EventType "team-tourn"]
[EventRounds "5"]
[EventCountry "SVK"]
[SourceTitle "EXT 2020"]
[Source "ChessBase"]
[SourceDate "2019.10.17"]
[SourceVersion "1"]
[SourceVersionDate "2019.10.17"]
[SourceQuality "1"]
[WhiteTeam "Banska Bystrica Junior"]
[BlackTeam "Komarno KSC"]
[WhiteTeamCountry "SVK"]
[BlackTeamCountry "SVK"]

1. e4 g6 2. d4 Bg7 3. Nf3 c5 4. Nc3 cxd4 5. Nxd4 Nc6 6. Nb3 d6 7. Be2 Nf6 8. 0-0 0-0 9. Be3 Bd7 10. f3 Rc8 11. Nd5 Nxd5 12. exd5 Ne5 13. Bd4 a5 14. f4 a4 15. Nc1 Bf5 16. fxe5 Bxc2 17. Qd2 dxe5 18. Bc3 Bf5 19. Bf3 a3 20. Nb3 axb2 21. Qxb2 Rxc3 22. Qxc3 e4 23. Qe3 Bxa1 24. Rxa1 exf3 25. Qxf3 Qb6+ 26. Kh1 Rd8 27. Re1 Qd6 28. Qe3 Rd7 29. Rd1 Bc2 30. Rd2 Bxb3 31. Qxb3 e6 32. Qe3 exd5 33. h3 d4 34. Qd3 Re7 35. Rd1 Rd7 36. Kg1 Kg7 37. a3 Qc6 38. Rd2 b5 39. Rc2 Qd5 40. Rc8 Qe6 41. Rc5 Qe1+ 42. Kh2 Qe3 43. Qxb5 Re7 44. Qb1 d3 45. Rc1 d2 46. Qb2+ f6 47. Rd1 Qf4+ 48. Kh1 Re1+ 0-1

[Event "Wch U18 Girls"]
[Site "Porto Carras"]
[Date "2018.10.28"]
[Round "9.30"]
[White "Golsta, Madara"]
[Black "Cibikova, Sofia Anna"]
[Result "1-0"]
[WhiteElo "1938"]
[BlackElo "1809"]
[PlyCount "81"]
[EventDate "2018.10.20"]
[EventType "swiss"]
[EventRounds "11"]
[EventCountry "GRE"]
[SourceTitle "CBM 187 Extra"]
[Source "ChessBase"]
[SourceDate "2018.11.04"]
[SourceVersion "1"]
[SourceVersionDate "2018.11.04"]
[SourceQuality "1"]

1. e4 c5 2. Nc3 Nc6 3. Bb5 Nd4 4. Bc4 e6 5. Nge2 Nf6 6. 0-0 a6 7. a4 Be7 8. d3 d5 9. exd5 exd5 10. Ba2 Nxe2+ 11. Qxe2 Be6 12. Bg5 0-0 13. f4 Qd7 14. Rae1 Rae8 15. Qf3 d4 16. Bxe6 fxe6 17. Bxf6 Bxf6 18. Ne4 Be7 19. Qg4 Rf7 20. b3 Qd5 21. Nd2 Rf6 22. Re5 Qc6 23. g3 Rg6 24. Qh5 Bd6 25. Rg5 Rxg5 26. Qxg5 h6 27. Qg6 Bc7 28. Ne4 Rf8 29. Re1 b6 30. Nd2 Rf6 31. Qg4 Qd5 32. Ne4 Rf7 33. Nf2 Qf5 34. Rxe6 Qxg4 35. Nxg4 Rd7 36. a5 bxa5 37. Rxa6 Re7 38. Kf1 h5 39. Nf2 Rf7 40. Ne4 h4 41. Ng5 1-0

[Event "Wch U18 Girls"]
[Site "Porto Carras"]
[Date "2018.10.21"]
[Round "3"]
[White "Cibikova, Sofia Anna"]
[Black "Greibrokk, Ingrid Andrea"]
[Result "1-0"]
[WhiteElo "1809"]
[BlackElo "2018"]
[PlyCount "137"]
[EventDate "2018.10.20"]
[EventType "swiss"]
[EventRounds "11"]
[EventCountry "GRE"]
[SourceTitle "CBM 187 Extra"]
[Source "ChessBase"]
[SourceDate "2018.11.04"]
[SourceVersion "1"]
[SourceVersionDate "2018.11.04"]
[SourceQuality "1"]

1. e4 c5 2. Nc3 Nc6 3. g3 g6 4. Bg2 Bg7 5. d3 e6 6. f4 Nge7 7. Nf3 d5 8. 0-0 0-0 9. Re1 dxe4 10. Nxe4 b6 11. Rb1 Bb7 12. Bd2 Nf5 13. Bc3 Nfd4 14. Qd2 Qc7 15. Qf2 Rfd8 16. Nxd4 cxd4 17. Bd2 Rac8 18. Rbc1 Qb8 19. Bh3 Ne7 20. Ng5 Nf5 21. Nf3 Qd6 22. Ne5 Bxe5 23. Rxe5 Qc6 24. Bg2 Qxg2+ 25. Qxg2 Bxg2 26. Kxg2 Rc6 27. Kf2 Nh6 28. h3 f6 29. Re2 Nf7 30. Bb4 e5 31. Bd2 a5 32. Kf3 Rd5 33. a4 f5 34. Ree1 Kg7 35. fxe5 Rxe5 36. Rxe5 Nxe5+ 37. Kf2 Kf6 38. Bf4 g5 39. Bxe5+ Kxe5 40. c4 Kd6 41. Re1 Rc7 42. g4 Rf7 43. Kg3 h6 44. Re8 Rf6 45. Rd8+ Kc5 46. Rd5+ Kb4 47. Rb5+ Kxa4 48. gxf5 h5 49. Kf3 Rh6 50. Ke4 g4 51. hxg4 h4 52. Kxd4 h3 53. Kc3 Rd6 54. f6 h2 55. Rh5 Rxf6 56. Rxh2 Rf1 57. Rg2 b5 58. cxb5 Rf6 59. g5 Rg6 60. b6 Rxb6 61. g6 Rb3+ 62. Kc2 Rb8 63. g7 Rc8+ 64. Kd2 Rg8 65. d4 Kb3 66. Kd3 a4 67. d5 a3 68. bxa3 Kxa3 69. Kd4 1-0

[Event "SVK-chT2C 1819"]
[Site "Slovakia"]
[Date "2018.10.14"]
[Round "2.4"]
[White "Mede, Istvan"]
[Black "Cibikova, Sofia Anna"]
[Result "1/2-1/2"]
[WhiteElo "2294"]
[BlackElo "1809"]
[PlyCount "53"]
[EventDate "2018.10.13"]
[EventType "team-tourn"]
[EventRounds "11"]
[EventCountry "SVK"]
[SourceTitle "CBM 187 Extra"]
[Source "ChessBase"]
[SourceDate "2018.11.04"]
[SourceVersion "1"]
[SourceVersionDate "2018.11.04"]
[SourceQuality "1"]
[WhiteTeam "Vinica"]
[BlackTeam "Banska Bystrica Kurta"]
[WhiteTeamCountry "SVK"]
[BlackTeamCountry "SVK"]

1. d4 Nf6 2. Nc3 d5 3. Bg5 Bf5 4. f3 h6 5. Bxf6 exf6 6. e4 dxe4 7. fxe4 Bd7 8. Nf3 Nc6 9. Bd3 a6 10. Ne2 Bb4+ 11. c3 Bd6 12. 0-0 0-0 13. Qd2 Ne7 14. Nf4 c6 15. Rae1 Qc7 16. e5 fxe5 17. Nxe5 b5 18. Bc2 f5 19. Bb3+ Kh7 20. Rf3 c5 21. Nxd7 Qxd7 22. Be6 Qc7 23. d5 Rad8 24. g3 c4 25. Ne2 g6 26. h4 Rf6 27. Nf4 1/2-1/2

[Event "EU-chT U18 Girls"]
[Site "Bad Blankenburg"]
[Date "2018.07.16"]
[Round "5.2"]
[White "Khamenya, Vitalia"]
[Black "Cibikova, Sofia Anna"]
[Result "1-0"]
[WhiteElo "1770"]
[BlackElo "1813"]
[PlyCount "111"]
[EventDate "2018.07.12"]
[EventType "team-swiss"]
[EventRounds "7"]
[EventCountry "GER"]
[SourceTitle "EXT 2019"]
[Source "ChessBase"]
[SourceDate "2018.10.10"]
[SourceVersion "1"]
[SourceVersionDate "2018.10.10"]
[SourceQuality "1"]
[WhiteTeam "Germany U18 Girls IV"]
[BlackTeam "Slovakia U18 Girls"]
[WhiteTeamCountry "GER"]
[BlackTeamCountry "SVK"]

1. e4 c5 2. d4 cxd4 3. c3 Nf6 4. e5 Nd5 5. Nf3 d6 6. exd6 Qxd6 7. Na3 Nc6 8. Nb5 Qd8 9. Nfxd4 e5 10. Nf3 a6 11. Qxd5 axb5 12. Qxd8+ Kxd8 13. Bxb5 f6 14. Be3 Kc7 15. Ke2 Be6 16. b3 Ba3 17. Bc1 Be7 18. Bb2 Ra5 19. c4 Nb4 20. Ba4 Bxc4+ 21. bxc4 Rxa4 22. a3 Nc6 23. Rhc1 Rha8 24. c5 R4a5 25. Nd2 Rxc5 26. Rxc5 Bxc5 27. Ne4 Be7 28. Ng3 g6 29. Nf1 Ra4 30. Ne3 Nd4+ 31. Bxd4 Rxd4 32. Nc2 Ra4 33. f3 Bc5 34. Kd3 Kc6 35. h3 f5 36. Rc1 Kd5 37. Kc3 Rc4+ 38. Kb3 b5 39. Rd1+ Ke6 40. Rd2 e4 41. fxe4 Rxe4 42. Rd8 Ke5 43. Rb8 Kf4 44. Rxb5 Bf8 45. Rb8 Bd6 46. Rd8 Be7 47. Rd3 Bc5 48. a4 Re2 49. g3+ Ke4 50. Rc3 Bd6 51. a5 Rg2 52. a6 Bb8 53. Nb4 Rg1 54. Nc6 Rb1+ 55. Kc2 Rb6 56. a7 1-0

[Event "SVK-ch U16/U20 Girls"]
[Site "Liptovsky Mikulas"]
[Date "2018.04.25"]
[Round "7"]
[White "Sankova, Stella"]
[Black "Cibikova, Sofia Anna"]
[Result "1-0"]
[WhiteElo "2002"]
[BlackElo "1827"]
[PlyCount "37"]
[EventDate "2018.04.21"]
[EventType "swiss"]
[EventRounds "9"]
[EventCountry "SVK"]
[SourceTitle "CBM 184 Extra"]
[Source "ChessBase"]
[SourceDate "2018.06.28"]
[SourceVersion "1"]
[SourceVersionDate "2018.06.28"]
[SourceQuality "1"]

1. e4 c5 2. Nf3 e6 3. g3 Nc6 4. Bg2 g6 5. d4 cxd4 6. Nxd4 Bg7 7. Nb5 Nge7 8. Nd6+ Kf8 9. 0-0 b6 10. Qf3 f6 11. Rd1 Ne5 12. Qa3 Qc7 13. Nc3 Nc4 14. Nxc4 Qxc4 15. e5 Rb8 16. Qxa7 Nc6 17. Bxc6 Qxc6 18. Qxb8 Kf7 19. Qd6 1-0

[Event "SVK-chT2C 1718"]
[Site "Slovakia"]
[Date "2018.02.25"]
[Round "9.8"]
[White "Molnar, Lubomir"]
[Black "Cibikova, Sofia Anna"]
[Result "0-1"]
[WhiteElo "1894"]
[BlackElo "1912"]
[PlyCount "172"]
[EventDate "2017.10.28"]
[EventType "team-tourn"]
[EventRounds "11"]
[EventCountry "SVK"]
[SourceTitle "EXT 2019"]
[Source "ChessBase"]
[SourceDate "2018.10.10"]
[SourceVersion "1"]
[SourceVersionDate "2018.10.10"]
[SourceQuality "1"]
[WhiteTeam "Bziny"]
[BlackTeam "Banska Bystrica Kurta"]
[WhiteTeamCountry "SVK"]
[BlackTeamCountry "SVK"]

1. e4 c5 2. Nf3 e6 3. d4 cxd4 4. Nxd4 Nf6 5. Bd3 Nc6 6. Nxc6 bxc6 7. e5 Qa5+ 8. Nc3 Qxe5+ 9. Ne2 Bc5 10. h3 0-0 11. 0-0 Qc7 12. Bg5 Nd5 13. c4 Nb4 14. Bb1 d5 15. a3 Na6 16. b4 Be7 17. Qd3 f5 18. Qe3 Bd6 19. f4 Qb6 20. Qxb6 axb6 21. cxd5 exd5 22. Nd4 Nxb4 23. Kh1 h6 24. Bh4 Bc5 25. Nb3 Na6 26. Bd3 Re8 27. Rfe1 Rxe1+ 28. Bxe1 Be3 29. g3 Nc5 30. Bc2 Nxb3 31. Bxb3 Kf7 32. Kg2 Be6 33. Kf3 d4 34. Bc2 Bd5+ 35. Ke2 Ke6 36. a4 c5 37. Rb1 Ra6 38. Bd2 Bxd2 39. Kxd2 c4 40. Rb5 d3 41. Bd1 Kd6 42. Kc3 Kc6 43. Kd4 Be6 44. Bf3+ Kd6 45. Bd1 Kc6 46. Bf3+ Kc7 47. Bd1 Ra5 48. Rb4 Rd5+ 49. Kxc4 Rd6+ 50. Kc3 Bd5 51. Rd4 Be4 52. Bb3 Rxd4 53. Kxd4 Kb7 54. Kc3 Kc6 55. Bc4 Kc5 56. Be6 g5 57. Bd7 d2 58. Kxd2 gxf4 59. gxf4 Kd4 60. Be6 Bb1 61. Kc1 Be4 62. Kd2 Bc6 63. Bxf5 Bxa4 64. Bb1 Bc6 65. h4 Be4 66. Ba2 Bf5 67. Ke2 Ke4 68. Kf2 Kxf4 69. Bc4 Kg4 70. Ke3 Bd7 71. Bd5 Kxh4 72. Kf4 Be8 73. Be6 Bg6 74. Bd7 Bd3 75. Ke3 Bc4 76. Kf4 b5 77. Bf5 Ba2 78. Ke3 b4 79. Kd2 h5 80. Kc2 Kg5 81. Be4 Be6 82. Kb2 h4 83. Bg2 Kf4 84. Bc6 h3 85. Bh1 h2 86. Kc1 Bg4 0-1

[Event "SVK-chT2C 1718"]
[Site "Slovakia"]
[Date "2017.10.28"]
[Round "1.8"]
[White "Cibikova, Sofia Anna"]
[Black "Stauder, Matej"]
[Result "1-0"]
[WhiteElo "1912"]
[BlackElo "1736"]
[PlyCount "55"]
[EventDate "2017.10.28"]
[EventType "team-tourn"]
[EventRounds "11"]
[EventCountry "SVK"]
[SourceTitle "CBM 181 Extra"]
[Source "ChessBase"]
[SourceDate "2017.12.12"]
[SourceVersion "1"]
[SourceVersionDate "2017.12.12"]
[SourceQuality "1"]
[WhiteTeam "Banska Bystrica Kurta"]
[BlackTeam "Zilina Mladost II"]
[WhiteTeamCountry "SVK"]
[BlackTeamCountry "SVK"]

1. Nf3 d5 2. d4 Nf6 3. Bf4 c6 4. e3 Qb6 5. Qc1 Bf5 6. Be2 Nbd7 7. 0-0 e6 8. h3 Be7 9. c4 0-0 10. Nc3 Rfc8 11. Qd2 Ne4 12. Nxe4 Bxe4 13. a3 c5 14. cxd5 exd5 15. dxc5 Nxc5 16. Nd4 Bf6 17. b4 Ne6 18. Nxe6 Rc2 19. Qd1 Bxa1 20. Nc5 Ra2 21. Nxe4 dxe4 22. Bc4 Rxa3 23. Qd7 Qf6 24. Rd1 Bc3 25. Rd6 Ra1+ 26. Kh2 Rd1 27. Rxd1 Bxb4 28. Qxb7 1-0

[Event "SVK-ch U16/20 Girls"]
[Site "Liptovsky Mikulas"]
[Date "2017.04.26"]
[Round "7"]
[White "Cabanova, Kristina"]
[Black "Cibikova, Sofia Anna"]
[Result "1/2-1/2"]
[WhiteElo "1592"]
[BlackElo "1796"]
[PlyCount "77"]
[EventDate "2017.04.22"]
[EventType "swiss"]
[EventRounds "9"]
[EventCountry "SVK"]
[SourceTitle "CBM 178 Extra"]
[Source "ChessBase"]
[SourceDate "2017.06.22"]
[SourceVersion "1"]
[SourceVersionDate "2017.06.22"]
[SourceQuality "1"]

1. Nf3 d5 2. d4 Nf6 3. e3 Bf5 4. Nbd2 e6 5. c3 c5 6. b3 Nc6 7. Bb2 Be7 8. Be2 0-0 9. 0-0 h6 10. Rc1 Rc8 11. c4 cxd4 12. Nxd4 Bh7 13. N2f3 Nxd4 14. Bxd4 a6 15. c5 Qa5 16. Qd2 Qd8 17. b4 Ne4 18. Qb2 f6 19. Qb3 Rc7 20. Rfd1 Qc8 21. Nd2 b6 22. Nxe4 Bxe4 23. Rc3 bxc5 24. Bxc5 Bxc5 25. bxc5 Rxc5 26. Rdc1 Rxc3 27. Rxc3 Qb8 28. Bxa6 Qxb3 29. axb3 Ra8 30. Rc8+ Rxc8 31. Bxc8 Kf7 32. Ba6 Ke7 33. Kf1 Kd6 34. b4 Kc6 35. f3 Kb6 36. Be2 Bc2 37. Ke1 Ba4 38. g3 Bb5 39. Bd1 1/2-1/2

[Event "SVK-chT2C 1617"]
[Site "Slovakia"]
[Date "2017.03.12"]
[Round "11.8"]
[White "Korenova, Simona"]
[Black "Cibikova, Sofia Anna"]
[Result "0-1"]
[WhiteElo "1619"]
[BlackElo "1716"]
[PlyCount "66"]
[EventDate "2016.10.08"]
[EventType "team-tourn"]
[EventRounds "11"]
[EventCountry "SVK"]
[SourceTitle "EXT 2018"]
[Source "ChessBase"]
[SourceDate "2017.10.13"]
[SourceVersion "1"]
[SourceVersionDate "2017.10.13"]
[SourceQuality "1"]
[WhiteTeam "Liptov Chess School III"]
[BlackTeam "Banska Bystrica Kurta"]
[WhiteTeamCountry "SVK"]
[BlackTeamCountry "SVK"]

1. c4 e5 2. Nc3 Nf6 3. g3 d5 4. cxd5 Nxd5 5. Bg2 Nb6 6. Nf3 Nc6 7. 0-0 Be7 8. d3 0-0 9. Bd2 Be6 10. Rc1 f6 11. a3 a6 12. b4 Qd7 13. Ne4 h6 14. Be3 f5 15. Nc5 Bxc5 16. Bxc5 Rfd8 17. Qc2 Nd5 18. e4 Nf6 19. Rfd1 Qf7 20. Qc3 fxe4 21. Nxe5 Nxe5 22. Qxe5 exd3 23. Bxb7 Rab8 24. Bxa6 d2 25. Rc3 Bb3 26. Ba7 Re8 27. Qc5 Re1+ 28. Kg2 Rxd1 29. Rxb3 Rg1+ 30. Kxg1 d1Q+ 31. Kg2 Qdxb3 32. Bxb8 Qfd5+ 33. Qxd5+ Qxd5+ 0-1

[Event "SVK-chT2C 1617"]
[Site "Slovakia"]
[Date "2017.03.11"]
[Round "10.8"]
[White "Cibikova, Sofia Anna"]
[Black "Majer, Milan"]
[Result "1/2-1/2"]
[WhiteElo "1716"]
[BlackElo "1860"]
[PlyCount "84"]
[EventDate "2016.10.08"]
[EventType "team-tourn"]
[EventRounds "11"]
[EventCountry "SVK"]
[SourceTitle "EXT 2018"]
[Source "ChessBase"]
[SourceDate "2017.10.13"]
[SourceVersion "1"]
[SourceVersionDate "2017.10.13"]
[SourceQuality "1"]
[WhiteTeam "Banska Bystrica Kurta"]
[BlackTeam "Podbrezova ZP Sport"]
[WhiteTeamCountry "SVK"]
[BlackTeamCountry "SVK"]

1. Nf3 Nf6 2. d4 e6 3. Bf4 d5 4. e3 Bd6 5. Bg3 0-0 6. c4 c5 7. Nc3 Nc6 8. cxd5 exd5 9. dxc5 Bxc5 10. Be2 Bf5 11. 0-0 Rc8 12. Rc1 Be7 13. Nb5 Ne4 14. Nbd4 Nxg3 15. hxg3 Bg6 16. Qa4 Qb6 17. Qb5 Qxb5 18. Bxb5 Nb4 19. Ne5 a6 20. Rxc8 Rxc8 21. Bd7 Rc7 22. a3 Nd3 23. Nxd3 Bxd3 24. Rd1 Bg6 25. Bg4 Bf6 26. Bf3 Be4 27. Bxe4 dxe4 28. Kf1 Kf8 29. Ke2 Ke7 30. Kd2 Bxd4 31. exd4 Kd6 32. Ke3 Kd5 33. Rd2 Rc4 34. g4 b5 35. f3 exf3 36. gxf3 a5 37. Rh2 h6 38. Rh5+ Kc6 39. Kd3 Rc1 40. Rf5 f6 41. Kd2 Rc4 42. Kd3 Rc1 1/2-1/2

[Event "SVK-chT2C 1617"]
[Site "Slovakia"]
[Date "2016.11.06"]
[Round "4.8"]
[White "Cibikova, Sofia Anna"]
[Black "Prielozny, Eduard"]
[Result "1-0"]
[WhiteElo "1716"]
[BlackElo "1875"]
[PlyCount "79"]
[EventDate "2016.10.08"]
[EventType "team-tourn"]
[EventRounds "11"]
[EventCountry "SVK"]
[SourceTitle "CBM 175 Extra"]
[Source "ChessBase"]
[SourceDate "2016.12.12"]
[SourceVersion "1"]
[SourceVersionDate "2016.12.12"]
[SourceQuality "1"]
[WhiteTeam "Banska Bystrica Kurta"]
[BlackTeam "Zilina Mladost II"]
[WhiteTeamCountry "SVK"]
[BlackTeamCountry "SVK"]

1. Nf3 c5 2. c4 Nc6 3. Nc3 g6 4. g3 Bg7 5. Bg2 d6 6. 0-0 e5 7. d3 Nge7 8. Bd2 0-0 9. a3 h6 10. Rb1 g5 11. b4 Ng6 12. Nd5 f5 13. bxc5 dxc5 14. Bc3 Rf7 15. Qc1 g4 16. Nd2 Qf8 17. Qb2 Kh7 18. f3 h5 19. f4 h4 20. e3 Qd8 21. Qc2 Be6 22. Nb3 Qd6 23. Na5 Rb8 24. Rbe1 Nxa5 25. Bxa5 b6 26. Bc3 b5 27. Rb1 bxc4 28. dxc4 exf4 29. exf4 Bxc3 30. Qxc3 h3 31. Bh1 Rd8 32. Rfd1 Qf8 33. Re1 Rd6 34. Rb2 Ne7 35. Nxe7 Rxe7 36. Rbe2 Kg6 37. Bd5 Qf6 38. Qe3 Qd4 39. Qxd4 cxd4 40. Rxe6+ 1-0

[Event "World ol U16"]
[Site "Poprad"]
[Date "2016.07.29"]
[Round "9.2"]
[White "Cibikova, Sofia Anna"]
[Black "Brnusak, Tomas"]
[Result "1/2-1/2"]
[WhiteElo "1682"]
[BlackElo "1632"]
[PlyCount "88"]
[EventDate "2016.07.22"]
[EventType "team-swiss"]
[EventRounds "9"]
[EventCountry "SVK"]
[SourceTitle "EXT 2017"]
[Source "ChessBase"]
[SourceDate "2016.10.25"]
[SourceVersion "1"]
[SourceVersionDate "2016.10.25"]
[SourceQuality "1"]
[WhiteTeam "Slovakia RSA BB Detva"]
[BlackTeam "Slovakia LSS"]
[WhiteTeamCountry "SVK"]
[BlackTeamCountry "SVK"]

1. Nf3 d5 2. d4 Nf6 3. Bf4 c5 4. e3 Nc6 5. c3 Qb6 6. Qc1 Bf5 7. Nbd2 e6 8. Be2 Be7 9. 0-0 0-0 10. h3 Ne4 11. Nxe4 Bxe4 12. Qd2 c4 13. Ne5 Nxe5 14. Bxe5 Rac8 15. Rac1 Bd6 16. Bxd6 Qxd6 17. Bd1 h6 18. Bc2 Bxc2 19. Qxc2 f5 20. f4 Rc7 21. Rf3 g5 22. Rf2 Rg7 23. Kh2 g4 24. hxg4 Rxg4 25. g3 Rf7 26. Rg2 Rfg7 27. Rh1 Qe7 28. Qf2 Qf7 29. Kg1 Qg6 30. Rh3 h5 31. Kh2 Rh7 32. Rh4 Kf7 33. Qc2 Qf6 34. Qf2 b5 35. Kg1 Rxh4 36. gxh4 Rg7 37. Rxg7+ Qxg7+ 38. Qg2 Qxg2+ 39. Kxg2 Ke7 40. Kf2 Kd6 41. Ke2 Kc6 42. Kd2 a5 43. Kc2 b4 44. a4 b3+ 1/2-1/2

[Event "World ol U16"]
[Site "Poprad"]
[Date "2016.07.27"]
[Round "6.2"]
[White "Verbovsky, Michal"]
[Black "Cibikova, Sofia Anna"]
[Result "0-1"]
[WhiteElo "1685"]
[BlackElo "1682"]
[PlyCount "62"]
[EventDate "2016.07.22"]
[EventType "team-swiss"]
[EventRounds "9"]
[EventCountry "SVK"]
[SourceTitle "EXT 2017"]
[Source "ChessBase"]
[SourceDate "2016.10.25"]
[SourceVersion "1"]
[SourceVersionDate "2016.10.25"]
[SourceQuality "1"]
[WhiteTeam "Slovakia PSZ"]
[BlackTeam "Slovakia RSA BB Detva"]
[WhiteTeamCountry "SVK"]
[BlackTeamCountry "SVK"]

1. e4 Nf6 2. e5 Nd5 3. d4 d6 4. c4 Nb6 5. f4 e6 6. Nc3 dxe5 7. fxe5 Bb4 8. Nf3 c5 9. Be3 Nc6 10. Rc1 cxd4 11. Bxd4 Nxd4 12. Qxd4 Qxd4 13. Nxd4 Bd7 14. b3 0-0 15. Be2 Rac8 16. 0-0 Rfd8 17. Kh1 Be8 18. Nf3 Bc6 19. Nb1 Bc5 20. Rcd1 h6 21. Nbd2 Kf8 22. Nh4 Be3 23. Rxf7+ Kxf7 24. Rf1+ Kg8 25. Ng6 Kh7 26. Bh5 Rxd2 27. Nh4 Bg5 28. Bg6+ Kh8 29. Kg1 Bxh4 30. g3 Rg2+ 31. Kh1 Rxg3+ 0-1